[Event "AUTO-ADV-1196"]
[Site "http://www.queenalice.com/game.php?id=530149"]
[Date "2009.1.27"]
[Round "1"]
[White "Maffu"]
[Black "coach4u"]
[Result "1-0"]
[WhiteElo "1746"]
[BlackElo "1639"]

1. e4 e5 2. Nc3 Nf6 3. f4 exf4 4. Nf3 Bb4 5. Bc4 a6 6. Bxf7+ Kxf7 7. Ng5+ Kg6 8.
h4 h6 9. Nf3 Bxc3 10. dxc3 Nxe4 11. Ne5+ Kf6 12. Bxf4 d6 13. O-O dxe5 14. Bg5+
Ke6 15. Bxd8 Nc6 16. Qg4+ Kd5 17. Rad1+ Kc5 18. Qxe4 Rxd8 19. Qe3+ Kb5 20. a4+
Kxa4 21. Ra1+ Kb5 22. c4+ Kxc4 23. b3+ Kd5 24. c4+ Ke6 25. Qh3+ Kd6 26. Rfd1+
Ke7 27. Qg3 Rxd1+ 28. Rxd1 b6 29. Qxg7+ Ke6 30. Qxh6+ Kf7 31. Qxc6 1-0

[Event "AUTO-ADV-1196"]
[Site "http://www.queenalice.com/game.php?id=530150"]
[Date "2009.1.27"]
[Round "1"]
[White "coach4u"]
[Black "Maffu"]
[Result "0-1"]
[WhiteElo "1611"]
[BlackElo "1758"]

1. e4 e5 2. a3 Nc6 3. Nc3 Nf6 4. d3 Bc5 5. h3 O-O 6. Be2 d5 7. Be3 d4 8. Nd5
dxe3 9. Nxe3 Nd4 10. c3 Nxe2 11. Qxe2 c6 12. Nf3 Qe7 13. b4 Bb6 14. Nf5 Bxf5 15.
exf5 Rfe8 16. Ng5 Rad8 17. f3 Nd5 18. Ne4 Nf4 19. Qf1 Nxd3+ 20. Kd1 Nxb4+ 21.
Kc1 Nd5 22. c4 Nf4 23. g3 Nd3+ 24. Kc2 Bd4 25. Rd1 Qxa3 26. Rxd3 Qb2+ 27. Kd1
Qa1+ 28. Ke2 Qa2+ 29. Rd2 Qxc4+ 30. Kd1 Qa4+ 31. Ke2 Bb6 32. Qd1 Rxd2+ 33. Qxd2
h5 34. g4 hxg4 35. hxg4 Rd8 36. Qe1 Qc4# 0-1

[Event "AUTO-ADV-1196"]
[Site "http://www.queenalice.com/game.php?id=530163"]
[Date "2009.1.27"]
[Round "1"]
[White "JAYMAC10"]
[Black "coach4u"]
[Result "1-0"]
[WhiteElo "1722"]
[BlackElo "1633"]

1. e4 e5 2. Nf3 d6 3. Bc4 h6 4. O-O Nf6 5. d4 exd4 6. Qxd4 Nc6 7. Qe3 Qe7 8. Nc3
Nb4 9. Bb3 c5 10. a3 Nc6 11. Ba4 Bd7 12. Nb5 O-O-O 13. Rd1 Qe6 14. Nc3 g5 15.
Nd5 Nxe4 16. Nc3 Nxc3 17. Qxc3 Be7 18. b4 Rhg8 19. bxc5 dxc5 20. Bxc6 Bxc6 21.
Rxd8+ Bxd8 22. Qxc5 g4 23. Ne5 Bc7 24. Bf4 Bxe5 25. Bxe5 f6 26. Bc3 Re8 27. Kf1
Qe2+ 28. Kg1 Rd8 29. Qf5+ Kc7 30. Qf4+ Kc8 31. Re1 Qxc2 32. Qxg4+ f5 33. Qc4 Rd1
34. Qg8+ Kc7 35. Qf7+ Kb6 36. h3 Rxe1+ 37. Bxe1 Qc1 38. Kf1 Bb5+ 39. Kg1 Qxe1+
40. Kh2 Qxf2 41. Qe6+ Bc6 42. Qb3+ Kc5 43. Qb4+ Kd5 44. Qa5+ Kd4 45. Qxa7+ Kc3
46. Qxf2 Kb3 47. Qxf5 Kxa3 48. Qg6 b5 49. Qxc6 b4 50. Qc1+ Ka2 51. Qxh6 b3 52.
Qa6+ Kb1 53. g4 b2 54. g5 Kc2 55. Qe2+ Kc1 56. Qxb2+ Kxb2 57. g6 1-0

[Event "AUTO-ADV-1196"]
[Site "http://www.queenalice.com/game.php?id=530164"]
[Date "2009.1.27"]
[Round "1"]
[White "coach4u"]
[Black "JAYMAC10"]
[Result "0-1"]
[WhiteElo "1635"]
[BlackElo "1694"]

1. e4 e5 2. Nf3 d6 3. d4 Bg4 4. h3 Bxf3 5. Qxf3 exd4 6. Qe2 a6 7. e5 d5 8. b3
Bb4+ 9. Bd2 Nc6 10. Bxb4 Nxb4 11. a3 Nc6 12. c3 dxc3 13. Nxc3 Nd4 14. Qe3 Nc2+
15. Kd2 Nxe3 16. Kxe3 d4+ 17. Kd3 dxc3+ 18. Kxc3 Qe7 19. Re1 Qxa3 20. Bc4 O-O-O
21. f4 Qa5+ 22. b4 Qa3+ 23. Kc2 Qxb4 24. Bxf7 Rd2+ 0-1

[Event "AUTO-ADV-1196"]
[Site "http://www.queenalice.com/game.php?id=530171"]
[Date "2009.1.27"]
[Round "1"]
[White "erivaldoadao"]
[Black "coach4u"]
[Result "0-1"]
[WhiteElo "1694"]
[BlackElo "1597"]

1. e4 e5 2. Nf3 d6 3. d4 exd4 4. Nxd4 c5 5. Nf3 Bg4 6. h3 Bh5 7. Be2 Nf6 8. Nc3
a6 9. Be3 Nc6 10. Qd2 h6 11. g4 Bg6 12. g5 Nd7 13. h4 hxg5 14. Nxg5 Be7 15.
O-O-O Nde5 16. Nd5 f6 17. Ne6 Qd7 18. Nec7+ Kd8 19. Nxa8 Bxe4 20. Rhg1 Nb4 21.
Rxg7 Rh7 22. Rxh7 Bxh7 23. Nxb4 cxb4 24. Qxb4 Qc8 25. Nb6 Qxc2# 0-1

[Event "AUTO-ADV-1196"]
[Site "http://www.queenalice.com/game.php?id=530172"]
[Date "2009.1.27"]
[Round "1"]
[White "coach4u"]
[Black "erivaldoadao"]
[Result "1-0"]
[WhiteElo "1617"]
[BlackElo "1675"]

1. e4 c5 2. d4 b6 3. c3 g6 4. dxc5 bxc5 5. Qd5 Nc6 6. Bc4 e6 7. Qd3 Bg7 8. Nf3
Nge7 9. O-O O-O 10. Bg5 Qc7 11. Bxe7 Nxe7 12. Ng5 Bb7 13. Qh3 h6 14. Nf3 Bxe4
15. Nbd2 Bxf3 16. Qxf3 d5 17. Be2 d4 18. cxd4 Bxd4 19. Rab1 Rab8 20. b3 Nd5 21.
Ne4 Bg7 22. Rfc1 Bd4 23. a3 a5 24. Rc4 f5 25. Nd2 Nf4 26. Bf1 e5 27. g3 Nh3+ 28.
Bxh3 e4 29. Qf4 1-0

[Event "AUTO-INT-1313"]
[Site "http://www.queenalice.com/game.php?id=590619"]
[Date "2009.5.19"]
[Round "1"]
[White "mp3"]
[Black "coach4u"]
[Result "0-1"]
[WhiteElo "1496"]
[BlackElo "1685"]

1. e4 e5 2. Nf3 a6 3. Nxe5 d6 4. Nf3 Bg4 5. Be2 c5 6. O-O Nc6 7. d3 h6 8. c4 Qf6
9. Nc3 Nge7 10. a3 Qg6 11. Nd5 Nxd5 12. cxd5 Bh3 13. Nh4 Qf6 14. Nf3 Qg6 15. Nh4
Qf6 16. gxh3 Qxh4 17. Bg4 Nd4 18. Be3 h5 19. Bf3 Qxh3 20. Bxd4 cxd4 21. Bg2 Qh4
22. b4 b5 23. Rc1 Be7 24. h3 O-O 25. Rc7 g6 26. Rxe7 Qxe7 27. f3 Rac8 28. Rf2
Rc3 29. Ra2 Rfc8 30. Ra1 Qg5 31. Kh2 Rc2 32. Qg1 Qf4+ 33. Kh1 Rc1 34. Rxc1 Rxc1
35. Qxc1 Qxc1+ 36. Kh2 Qxa3 37. Bf1 Qxb4 0-1

[Event "AUTO-INT-1313"]
[Site "http://www.queenalice.com/game.php?id=590620"]
[Date "2009.5.19"]
[Round "1"]
[White "coach4u"]
[Black "mp3"]
[Result "1-0"]
[WhiteElo "1665"]
[BlackElo "1468"]

1. e4 e5 2. a3 Nf6 3. Nc3 Bc5 4. h3 O-O 5. d3 b6 6. Bg5 h6 7. Bh4 Ba6 8. Qf3 d6
9. Nd5 Nbd7 10. b4 Bd4 11. Rb1 c6 12. Nxf6+ Nxf6 13. Ne2 Bb5 14. c3 Bxf2+ 15.
Qxf2 Bxd3 16. Bxf6 Qxf6 17. Qxf6 gxf6 18. Rd1 Bxe4 19. Ng3 Bc2 20. Rxd6 Kg7 21.
Nh5+ Kg6 22. Nxf6 Rac8 23. Be2 Rfd8 24. Rxd8 Rxd8 25. Ng4 f6 26. O-O h5 27. Nxf6
Rf8 28. Bxh5+ Kh6 29. Ng4+ Kxh5 30. Rxf8 Kh4 31. Nxe5 Ba4 32. Kh2 Bb3 33. Rf5
Be6 34. Nf3# 1-0

[Event "AUTO-INT-1313"]
[Site "http://www.queenalice.com/game.php?id=590635"]
[Date "2009.5.19"]
[Round "1"]
[White "DrIgO"]
[Black "coach4u"]
[Result "0-1"]
[WhiteElo "1668"]
[BlackElo "1632"]

1. d4 d5 2. g3 Nc6 3. Bg2 Nf6 4. Nf3 h6 5. O-O Bf5 6. e3 Nb4 7. c4 Nc2 8. Ne5
Nxa1 9. cxd5 Bxb1 10. d6 Qxd6 11. Bxb7 Rb8 12. Qa4+ Nd7 13. Bc6 Bf5 14. Qxa7 Rd8
15. b4 f6 16. Nxd7 Bxd7 17. d5 Bxc6 18. dxc6 Qxc6 19. Ba3 Nc2 20. Rc1 g5 21. b5
Qc4 22. b6 cxb6 23. h4 gxh4 24. Qxb6 hxg3 25. fxg3 Rg8 26. Kg2 Rd2+ 27. Kh3 Qg4#
0-1

[Event "AUTO-INT-1313"]
[Site "http://www.queenalice.com/game.php?id=590636"]
[Date "2009.5.19"]
[Round "1"]
[White "coach4u"]
[Black "DrIgO"]
[Result "1-0"]
[WhiteElo "1649"]
[BlackElo "1641"]

1. e4 d5 2. e5 Nc6 3. d4 Bf5 4. a3 Qd7 5. Nc3 O-O-O 6. h3 f6 7. Nf3 g5 8. Bb5 a6
9. Ba4 e6 10. exf6 Nxf6 11. Bxg5 Rg8 12. Bxf6 Be7 13. Bxe7 Qxe7 14. Bxc6 bxc6
15. Ne5 Rxg2 16. Qe2 Rdg8 17. Nf3 R8g6 18. O-O-O Kd7 19. Ne5+ Kd6 20. Nxg6 Rxg6
21. f4 Kd7 22. Na4 Qd8 23. Nc5+ Ke7 24. Qe5 Qb8 25. Nxa6 Qb6 26. Nxc7 Qa5 27.
Nxe6 Rxe6 28. Qxf5 Qc7 29. Rhg1 Rf6 30. Rg7+ Rf7 31. Rxf7+ Kd6 32. Qe5# 1-0

[Event "AUTO-INT-1313"]
[Site "http://www.queenalice.com/game.php?id=590645"]
[Date "2009.5.19"]
[Round "1"]
[White "Banff"]
[Black "coach4u"]
[Result "0-1"]
[WhiteElo "1581"]
[BlackElo "1673"]

1. e4 e5 2. g3 a6 3. a3 Nf6 4. f3 d5 5. exd5 Qxd5 6. Nc3 Qc6 7. b4 Be7 8. Qe2
Nbd7 9. Bg2 O-O 10. f4 Qd6 11. Ne4 Nxe4 12. Qxe4 c6 13. Bb2 exf4 14. Qxf4 Qxf4
15. gxf4 Re8 16. O-O-O Nf6 17. h3 a5 18. c3 axb4 19. cxb4 Nd5 20. Bxd5 cxd5 21.
Nf3 Bf5 22. h4 h6 23. Rdg1 Rac8+ 24. Bc3 Bf6 25. Kb2 Bxc3+ 26. dxc3 Re2+ 27. Ka1
Rxc3 28. Nd4 Rxa3# 0-1

[Event "AUTO-INT-1313"]
[Site "http://www.queenalice.com/game.php?id=590646"]
[Date "2009.5.19"]
[Round "1"]
[White "coach4u"]
[Black "Banff"]
[Result "1-0"]
[WhiteElo "1693"]
[BlackElo "1632"]

1. e4 e5 2. h3 g6 3. a3 a6 4. d4 f6 5. b3 exd4 6. Qxd4 Nc6 7. Qc3 b5 8. b4 g5 9.
Be2 h5 10. Bxg5 Bg7 11. Bh4 Qe7 12. Qf3 Ne5 13. Qg3 d6 14. Nc3 Be6 15. Nf3 Nxf3+
16. Bxf3 Rd8 17. O-O Rh6 18. Ne2 Qf7 19. Nf4 Ne7 20. Nxe6 Qxe6 21. Qxg7 Rg6 22.
Bxh5 Qf7 23. Qh8+ Kd7 24. Bxg6 Rxh8 25. Bxf7 Rxh4 26. Rfe1 Rh7 27. Bb3 c6 28. f4
Ng6 29. Rf1 Re7 30. f5 Nf8 31. Rae1 Nh7 32. c4 Ng5 33. Rf4 Re5 34. h4 bxc4 35.
Bxc4 Nxe4 36. Rfxe4 Rxe4 37. Rxe4 d5 38. Bxd5 cxd5 39. Re6 d4 40. Kf2 d3 41. Ke3
d2 42. Kxd2 Kc7 43. h5 1-0

[Event "AUTO-OPEN-1587"]
[Site "http://www.queenalice.com/game.php?id=602874"]
[Date "2009.6.14"]
[Round "1"]
[White "coach4u"]
[Black "fugazeton2"]
[Result "0-1"]
[WhiteElo "1712"]
[BlackElo "1590"]

1. e4 c5 2. Bc4 e6 3. Nf3 a6 4. Nc3 b5 5. Be2 b4 6. Na4 Bb7 7. e5 d5 8. c3 a5 9.
cxb4 axb4 10. d4 c4 11. O-O g6 12. b3 c3 13. a3 Bc6 14. Bg5 Be7 15. Bxe7 Nxe7
16. axb4 Bxa4 17. bxa4 O-O 18. Qb3 Nf5 19. Qxc3 Nd7 20. h3 Rc8 21. Qd2 Qb6 22.
g4 Ne7 23. Qh6 f6 24. g5 Nf5 25. Qxf8+ Rxf8 26. gxf6 Nxd4 27. Bb5 Nxb5 28. axb5
Qxb5 29. Ng5 Nxe5 30. f7+ Nxf7 31. Nxe6 Re8 32. Rfe1 Qxb4 33. Rab1 Qd6 0-1

[Event "AUTO-OPEN-1587"]
[Site "http://www.queenalice.com/game.php?id=602899"]
[Date "2009.6.14"]
[Round "1"]
[White "Undertaker"]
[Black "coach4u"]
[Result "1-0"]
[WhiteElo "1959"]
[BlackElo "1731"]

1. e4 e5 2. Nf3 d6 3. h3 a6 4. Bc4 h6 5. d4 exd4 6. Qxd4 c5 7. Qd5 Qf6 8. O-O
Nc6 9. Nc3 Be6 10. Qd3 Nb4 11. Qe2 Qg6 12. Bxe6 Qxe6 13. a3 Nc6 14. Nd5 Kd8 15.
Rd1 Nf6 16. Nb6 Rb8 17. Bf4 Nxe4 18. Nc4 f6 19. Bxd6 Ke8 20. Bxb8 Nxb8 21. Re1
f5 22. Rad1 Kf7 23. Nfe5+ Kf6 24. f3 Bd6 25. fxe4 Bxe5 26. exf5 Bd4+ 27. Kh1
Qxf5 28. Rf1 Nc6 29. Rxf5+ Kxf5 30. Rf1+ Kg5 31. Qg4# 1-0

[Event "AUTO-OPEN-1587"]
[Site "http://www.queenalice.com/game.php?id=602900"]
[Date "2009.6.14"]
[Round "1"]
[White "coach4u"]
[Black "Undertaker"]
[Result "0-1"]
[WhiteElo "1723"]
[BlackElo "1952"]

1. e4 e5 2. a3 Nf6 3. Nc3 Bc5 4. h3 Nc6 5. Nf3 d6 6. Bc4 O-O 7. d3 h6 8. Nd5 Be6
9. b4 Bb6 10. a4 a6 11. O-O Nd4 12. Nxb6 cxb6 13. c3 Nxf3+ 14. Qxf3 Bxc4 15.
dxc4 Rc8 16. Qg3 Nxe4 17. Qe3 Rxc4 18. Qxb6 Qxb6 19. Be3 Qd8 20. Ra3 Nxc3 21. b5
Ne2+ 22. Kh2 Rg4 23. Bxh6 Rg6 24. Bd2 Nf4 25. Bxf4 exf4 26. bxa6 Qg5 27. g3 bxa6
0-1

[Event "AUTO-OPEN-1587"]
[Site "http://www.queenalice.com/game.php?id=602917"]
[Date "2009.6.14"]
[Round "1"]
[White "coach4u"]
[Black "luizpessoa"]
[Result "0-1"]
[WhiteElo "1724"]
[BlackElo "1825"]

1. e4 e5 2. a3 Nf6 3. Nc3 Bc5 4. h3 d6 5. Nf3 Be6 6. Qe2 a6 7. Na4 Ba7 8. b4 Qd7
9. Nc3 b5 10. d3 Nc6 11. Be3 h6 12. d4 exd4 13. Bxd4 Bxd4 14. Nxd4 Nxd4 15. Qd2
Nc6 16. Be2 O-O 17. Bf3 Rad8 18. O-O Ne5 19. Qe3 Nc4 20. Qe2 Ne5 21. a4 bxa4 22.
Rxa4 d5 23. Rxa6 d4 24. Ra5 Nxf3+ 25. Qxf3 dxc3 26. e5 Nd5 27. Rd1 c6 28. Rc5
Qb7 29. Rd4 Nxb4 30. Rxd8 Rxd8 31. Qxc3 Qb6 32. Qe3 Rd5 33. Rxd5 Qxe3 34. Rd8+
Kh7 35. fxe3 Nxc2 36. Kf2 c5 37. Rd2 Nb4 38. Kf3 Kg6 39. Kf4 c4 40. Rd1 Nd3+ 41.
Kf3 Kf5 42. Ke2 Nxe5 43. g4+ Kg5 44. Rd4 Nd3 45. e4 Nf4+ 46. Ke3 Nxh3 47. Kf3
Nf4 48. e5 Nd3 49. Ke3 Nxe5 50. Ke4 Nxg4 51. Rd6 Nf6+ 52. Ke5 h5 53. Rxe6 fxe6
54. Kxe6 c3 55. Kf7 g6 0-1

[Event "AUTO-OPEN-1587"]
[Site "http://www.queenalice.com/game.php?id=602918"]
[Date "2009.6.14"]
[Round "1"]
[White "luizpessoa"]
[Black "coach4u"]
[Result "0-1"]
[WhiteElo "1769"]
[BlackElo "1716"]

1. e4 e5 2. Nf3 d6 3. Bc4 h6 4. d3 a6 5. Be3 Nc6 6. h3 Nf6 7. Nc3 b5 8. Bb3 Be6
9. Bxe6 fxe6 10. Qd2 d5 11. exd5 exd5 12. d4 Bb4 13. dxe5 Ne4 14. Qd3 Rf8 15. a3
Bxc3+ 16. bxc3 Rf5 17. g4 Rxf3 18. O-O-O Nxf2 19. Qg6+ Kf8 20. Bxf2 Rxf2 21.
Rhf1 Rxf1 22. Rxf1+ Kg8 23. Qxc6 a5 24. Qxb5 Rb8 25. Qd3 Qg5+ 26. Kd1 Rb1+ 27.
Ke2 Qxe5+ 28. Kf2 Qh2+ 29. Ke3 Qxh3+ 30. Rf3 Re1+ 31. Kd4 Qxg4+ 32. Kxd5 Qe6+
33. Kd4 c5+ 34. Kxc5 Re5+ 35. Kd4 Qd5# 0-1

[Event "QA-ANNIV-05"]
[Site "http://www.queenalice.com/game.php?id=604153"]
[Date "2009.6.15"]
[Round "1"]
[White "coach4u"]
[Black "docb"]
[Result "0-1"]
[WhiteElo "1734"]
[BlackElo "2048"]

1. e4 Nc6 2. a3 Nf6 3. d3 e6 4. Nc3 d5 5. Bg5 Be7 6. Nf3 dxe4 7. dxe4 O-O 8. Bd3
Nd7 9. Bxe7 Qxe7 10. O-O Nde5 11. b4 Nxf3+ 12. Qxf3 Nd4 13. Qh3 e5 14. Qh5 g6
15. Qh6 c6 16. Na4 f5 17. Nc5 b6 18. Bc4+ Kh8 19. Nb3 Nxc2 20. Ra2 Nd4 21. Nxd4
exd4 22. exf5 Bxf5 23. Re2 Qg7 24. Qxg7+ Kxg7 25. Rfe1 d3 26. Rd2 Rad8 27. h3 b5
28. Ba2 h5 29. Re7+ Kh6 30. Rxa7 Rfe8 31. Rc7 Re1+ 32. Kh2 Re2 33. Rxe2 dxe2 34.
Re7 Rd2 35. f4 Rxa2 36. g4 hxg4 37. hxg4 e1=Q+ 0-1

[Event "AUTO-INT-1313"]
[Site "http://www.queenalice.com/game.php?id=642326"]
[Date "2009.8.25"]
[Round "2"]
[White "coach4u"]
[Black "Zaubernuss"]
[Result "0-1"]
[WhiteElo "1689"]
[BlackElo "2204"]

1. e4 c5 2. Nf3 e6 3. Bb5 a6 4. Bc4 b5 5. Be2 Bb7 6. d3 Qc7 7. e5 Ne7 8. c4 bxc4
9. dxc4 Ng6 10. Nc3 Nc6 11. Be3 Ngxe5 12. Bf4 Nxf3+ 13. Bxf3 Qxf4 14. Ne4 Nd4
15. O-O Bxe4 16. Bxe4 Qxe4 17. a3 Bd6 18. b4 Ne2+ 19. Kh1 Qf4 20. g3 Qf3# 0-1

[Event "AUTO-INT-1313"]
[Site "http://www.queenalice.com/game.php?id=642328"]
[Date "2009.8.25"]
[Round "2"]
[White "coach4u"]
[Black "ironildo_luiz"]
[Result "0-1"]
[WhiteElo "1691"]
[BlackElo "1827"]

1. e4 e5 2. a3 Nf6 3. Nc3 d5 4. h3 dxe4 5. Qe2 Nc6 6. b4 Nd4 7. Qd1 Be7 8. Nb5
a6 9. Nxd4 exd4 10. d3 O-O 11. Bb2 Bf5 12. dxe4 Bxe4 13. Nf3 c5 14. bxc5 Bxc5
15. Nxd4 Qa5+ 16. c3 Rad8 17. Qd2 Bg6 18. Be2 Ne4 19. Qe3 Rxd4 20. O-O Rd2 21.
Qf3 Rxb2 22. Rfd1 Nxc3 23. Re1 Nxe2+ 24. Rxe2 Rxe2 25. Qxe2 Qc3 26. Rd1 Qxa3 0-1

[Event "AUTO-INT-1313"]
[Site "http://www.queenalice.com/game.php?id=642329"]
[Date "2009.8.25"]
[Round "2"]
[White "ironildo_luiz"]
[Black "coach4u"]
[Result "1-0"]
[WhiteElo "1838"]
[BlackElo "1680"]

1. e4 e5 2. Nf3 d6 3. d4 h6 4. dxe5 dxe5 5. Qxd8+ Kxd8 6. Nxe5 Be6 7. Bd3 Bd6 8.
Nc4 Bxc4 9. Bxc4 f6 10. Be3 Ne7 11. Nd2 Nbc6 12. O-O-O Be5 13. Nf3+ Ke8 14. Nxe5
Nxe5 15. Be2 Kf7 16. f4 N5c6 17. Bc4+ Kg6 18. g4 a6 19. h4 b5 20. Be6 Rhe8 21.
g5 fxg5 22. hxg5 hxg5 23. Rdg1 Nd8 24. f5+ Nxf5 25. exf5+ Kf6 26. Bxg5+ 1-0